000 00373nam a2200157Ia 4500
100 _aSubrahmanyam/Sarada/ Madhavankutty/K
650 _aBiomedical instrumentation
942 _cBK
654 _ahuman physiology
245 _aText book of human physiology
260 _bS.Chand & co
_c2004
082 _a612
_bSUB
300 _a1016
546 _aENGLISH
999 _c34514
_d34514